| 000 | 00806nam a2200229Ia 4500 | ||
|---|---|---|---|
| 999 |
_c28350 _d28350 |
||
| 003 | GCL | ||
| 005 | 20240530101854.0 | ||
| 008 | 140319s9999 xx 000 0 ara d | ||
| 040 |
_aGCL / _cGCL |
||
| 082 | 0 | 4 |
_a507.2 _bهـ ع |
| 100 | 1 | _aهوجبن ، لانسلوت | |
| 245 | 1 | 0 |
_aالعلم للمواطن / _cلانسلوت هوجبن ؛ ترجمة احمد محمد مجاهد ، احمد حماد الحسينى ؛ مراجعة عبدالحليم منتصر |
| 260 |
_a[S.N] : _bدار الفكر العربى |
||
| 300 | _aمتعدد الترقيم | ||
| 650 | 0 | 4 | _aالعلم |
| 650 | 0 | 4 | _aالعلوم |
| 650 | 0 | 4 | _aالطبيعة |
| 700 | 1 | _aعطية عبدالسلام عاشور | |
| 700 | 1 | _aمحمد مرسى احمد | |
| 700 | 1 | _aهوجين, لانسلوب | |
| 942 |
_2ddc _cBK |
||